<?xml version="1.0" encoding="UTF-8"?><?xml-stylesheet type="text/xsl" href="static/style.xsl"?><OAI-PMH xmlns="http://www.openarchives.org/OAI/2.0/" xmlns:xsi="http://www.w3.org/2001/XMLSchema-instance" xsi:schemaLocation="http://www.openarchives.org/OAI/2.0/ http://www.openarchives.org/OAI/2.0/OAI-PMH.xsd"><responseDate>2026-04-17T17:00:02Z</responseDate><request verb="GetRecord" identifier="oai:www.recercat.cat:10230/57893" metadataPrefix="marc">https://recercat.cat/oai/request</request><GetRecord><record><header><identifier>oai:recercat.cat:10230/57893</identifier><datestamp>2024-06-04T13:49:25Z</datestamp><setSpec>com_2072_6</setSpec><setSpec>col_2072_452954</setSpec></header><metadata><record xmlns="http://www.loc.gov/MARC21/slim" xmlns:dcterms="http://purl.org/dc/terms/" xmlns:xsi="http://www.w3.org/2001/XMLSchema-instance" xmlns:doc="http://www.lyncode.com/xoai" xsi:schemaLocation="http://www.loc.gov/MARC21/slim http://www.loc.gov/standards/marcxml/schema/MARC21slim.xsd">
   <leader>00925njm 22002777a 4500</leader>
   <datafield ind2=" " ind1=" " tag="042">
      <subfield code="a">dc</subfield>
   </datafield>
   <datafield ind2=" " ind1=" " tag="720">
      <subfield code="a">Huang, Jingnan</subfield>
      <subfield code="e">author</subfield>
   </datafield>
   <datafield ind2=" " ind1=" " tag="260">
      <subfield code="c">2023-09-15</subfield>
   </datafield>
   <datafield ind2=" " ind1=" " tag="520">
      <subfield code="a">Treball de fi de màster en Discurs. &#xd;
Director: Dr. Miguel Rodrigo Alsina</subfield>
   </datafield>
   <datafield ind2=" " ind1=" " tag="520">
      <subfield code="a">Este estudio seleccionó al azar cuarenta noticias sobre delincuencia de&#xd;
China y España, centrándose en la diferencia entre delincuentes masculinos y&#xd;
femeninos, y resumió los estereotipos de género representados y difundidos en las&#xd;
noticias mediante un análisis cualitativo del contenido. Los resultados muestran que, a&#xd;
pesar de las diferencias en los estereotipos de género representados, se reflejan en las&#xd;
noticias los típicos estereotipos de género según los cuales las mujeres se encuentran&#xd;
siempre en una posición más vulnerable que los hombres y el tema de la delincuencia&#xd;
femenina está más presente en las noticias de ambos países. Esto significa que los&#xd;
medios de comunicación deben configurar una visión pública más equilibrada y justa&#xd;
de los delincuentes promoviendo la igualdad de género.</subfield>
   </datafield>
   <datafield ind1="8" ind2=" " tag="024">
      <subfield code="a">http://hdl.handle.net/10230/57893</subfield>
   </datafield>
   <datafield tag="653" ind2=" " ind1=" ">
      <subfield code="a">Estereotipos de genero        Periodismo criminal         China           España   Gender stereotypes Crime journalism        Spain</subfield>
   </datafield>
   <datafield ind2="0" ind1="0" tag="245">
      <subfield code="a">Análisis de la formación y difusión de estereotipo de género en las noticias criminales en China y España</subfield>
   </datafield>
</record></metadata></record></GetRecord></OAI-PMH>